00000000nam##2200000za#4500
0019.528330
003CaOODSP
00520210305151637
007ta
008150406|1996||||xxc|||||     f|0| 0 eng|d
040 |aCaOODSP|beng
041 |aeng
041 |afre
043 |an-cn---
0861 |aXB352-341/1
1101 |aCanada. |bParliament. |bHouse of Commons.
24510|aQuebec Contingency Act (referendum conditions) : |b(An Act to establish the terms and conditions that must apply to a referendum relating to the separation of Quebec from Canada before it may be recognized as a proper expression of the will of the people of Quebec.) / |c(Mr. Harper, Calgary West.)
260 |bHouse of Commons |cFirst reading, October 30, 1996.
300 |a4p.
4901 |aBills of the House of Commons|vC-341
546 |aBilingual
590 |a96-45|b1996-11-08
792 |tLoi prévoyant le cas de tentative de séparation du Québec (conditions d'un référendum) : |efre|w(CaOODSP)9.528331
830#0|aBills of the House of Commons ;|vC-341|w(CaOODSP)9.509696